Guess the Movie - Minimalistic Pictures #11 - Statistics

General Stats
  • This quiz has been taken 61 times
    60 since last reset
  • The average score is 10 of 20
Answer Stats
Picture Hint Answer % Correct
2007 The Simpsons Movie
94%
2015 Minions
90%
2009 X-Men Origins: Wolverine
84%
2007 Bee Movie
80%
2003 Kill Bill
76%
2011 Winnie the Pooh
75%
2003 Elf
71%
2006 Happy Feet
71%
2015 Pixels
55%
1995 Clueless
51%
1939 Gone with the Wind
39%
2003 How to Lose a Guy in 10 Days
37%
2007 Zodiac
35%
1942 Casablanca
33%
2009 Watchmen
33%
2004 The Terminal
24%
2014 Need for Speed
12%
2020 Tenet
12%
2011 The Help
12%
1997 Donnie Brasco
8%
No matching quizzes found
Score Distribution
Percent of People with Each Score
Percentile by Number Answered
Your Score History
You have not taken this quiz since the last reset